[Event "Rovinj/Zagreb"]
[Site "Zagreb"]
[Date "1975.??.??"]
[Round "2"]
[White "Andersson, Ulf"]
[Black "Matulovic, Milan"]
[Result "1-0"]
[WhiteElo "2565"]
[BlackElo "2530"]

1.c4 g6 2.Nc3 Bg7 3.g3 c5 4.Bg2 Nc6 5.a3 e6 6.Rb1 a5 7.Nh3 Nge7 8.Nf4 O-O
9.O-O Rb8 10.d3 b6 11.Bd2 Bb7 12.Na4 d5 13.cxd5 Nxd5 14.Nxd5 exd5 15.b4 cxb4
16.axb4 axb4 17.Bxb4 Nxb4 18.Rxb4 Bc6 19.Qc2 Qe7 20.Rfb1 Bxa4 21.Rxa4 Rfc8
22.Qa2 d4 23.Bf3 h5 24.Kg2 h4 25.Ra7 Rc7 26.Ra8 Rxa8 27.Qxa8+ Qf8 28.Qe4 hxg3
29.hxg3 Re7 30.Qd5 Re6 31.Ra1 Qd6 32.Qa8+ Qf8 33.Qb7 Qe7 34.Ra8+ Bf8 35.Qa6 Rd6
36.Qc8 Rd7 37.Rb8 Rc7 38.Qa6 Rd7 39.Qxb6 Qd6 40.Qb3 Kg7 41.Rb6 Qe5 42.Qa4 Rd8
43.Rb7 Be7 44.Qc4 Qc5 45.Qa2 Kf8 46.Qd2 Qg5 47.Qb2 Qf6 48.Rc7 Bd6 49.Rc6 Kg7
50.Qb6 Rd7 51.Qa6 Qe7 52.Be4 Be5 53.Rc8 Rd8 54.Rc4 Rh8 55.Qc6 Qf6 56.Qxf6+ Bxf6
57.f4 Rd8 58.Rc7 g5 59.Kf3 gxf4 60.Kxf4 Re8 61.Rc5 Be7 62.Rd5 Rd8 63.Rb5 Bd6+
64.Kf3 Re8 65.Rd5 Be5 66.g4 f6 67.Rd7+ Kf8 68.Bg6 Re7 69.Rd8+ Kg7 70.Be4 Re6
71.Bf5 Re7 72.Rd5 Re8 73.Rd7+ Kf8 74.Bg6 Re7 75.Rd8+ Kg7 76.Bf5 Kf7 77.Rd5 Kf8
78.Be4 Kf7 79.e3 dxe3 80.Kxe3 Bh2 81.d4 Ra7 82.Bf5 Bg1+ 83.Ke4 Ke7 84.Rb5 Ra4
85.Rb7+ Kd6 86.Rd7+ Kc6 87.Be6 Bf2 88.Kd3 Ra3+ 89.Kc4 Ra4+ 90.Kc3 Ra3+ 91.Kb4 Ra1
92.d5+ Kb6 93.Rd6+ Ka7 94.Bf5 Ra6 95.Rd8 Rb6+ 96.Kc4 Bg3 97.Rd7+ Kb8 98.Rf7 Be5
99.Kc5 Rd6 100.Rf8+ Kc7 101.Rc8+ Kb7 102.Re8 Bg3 103.Re7+ Kb8 104.Re3 Bf4
105.Re7 Bg3 106.Be6 Ra6 107.Rf7 Be5 108.Rd7 Ra1 109.Bf5 Rc1+ 110.Kb5 Rd1
111.Kb6 Bd4+ 112.Kc6 Rc1+ 113.Kd6 Re1 114.Kc6 Rc1+ 115.Kb5 Rc5+ 116.Ka6 Be5
117.Rb7+ Ka8 118.Rb6 Bc3 119.Rb3 Be5 120.Bd7  1-0

[Event "Rovinj/Zagreb"]
[Site "Zagreb"]
[Date "1975.??.??"]
[Round "3"]
[White "Tseshkovsky, Vitaly"]
[Black "Andersson, Ulf"]
[Result "1-0"]
[WhiteElo "2555"]
[BlackElo "2565"]

1.e4 c5 2.Nf3 d6 3.d4 cxd4 4.Nxd4 Nf6 5.Nc3 e6 6.Be2 a6 7.f4 Qc7 8.O-O Be7
9.Kh1 Nc6 10.Be3 Nxd4 11.Qxd4 O-O 12.a4 e5 13.Qd3 exf4 14.Bxf4 Be6 15.Qg3 Rfd8
16.Bh6 g6 17.Rae1 Nd7 18.Bg4 Ne5 19.Bxe6 fxe6 20.Qh3 Qd7 21.Ne2 Bf8 22.Bg5 Re8
23.Nd4 Rac8 24.c3 Nc6 25.Nf3 Bg7 26.Bf4 Re7 27.Rd1 e5 28.Qxd7 Rxd7 29.Bg3 Rcc7
30.Rd5 Nd8 31.Rfd1 Nf7 32.a5 Re7 33.Kg1 Bh6 34.Be1 Rc4 35.Bd2 Bf8 36.Re1 Ra4
37.Kf2 Rc7 38.Ke3 Rc6 39.Kd3 b6 40.axb6 Rxb6 41.b4 Ra2 42.Re2 Rc6 43.Be1 Ra3
44.Rf2 Bh6 45.Kc2 Be3 46.Re2 Ra2+ 47.Kd3 Rxe2 48.Kxe2 Bb6 49.Kd3 Kf8 50.Nd2 Ke8
51.Nc4 Bd8 52.Bg3 Bc7 53.Na5 Rb6 54.Bf2 Rb8 55.Nb3 Nh6 56.Bh4 Ng8 57.Kc2 h6
58.Rd1 g5 59.Be1 Nf6 60.Kd3 Kd7 61.Ra1 Ra8 62.c4 Kc6 63.Bd2 Bb6 64.Rf1 Ng4
65.c5 dxc5 66.bxc5 Bd8 67.Rf8 Rb8 68.Kc4 Bc7 69.Rf7 Rxb3 70.Kxb3 Nxh2 71.Kc4 Ng4
72.Re7 a5 73.Re6+  1-0

[Event "Rovinj/Zagreb"]
[Site "Zagreb"]
[Date "1975.??.??"]
[Round "4"]
[White "Andersson, Ulf"]
[Black "Ljubojevic, Ljubomir"]
[Result "1/2-1/2"]
[WhiteElo "2565"]
[BlackElo "2615"]

1.Nf3 Nf6 2.c4 c5 3.b3 e6 4.Bb2 Be7 5.e3 O-O 6.Be2 b6 7.O-O Bb7 8.Nc3 d5
9.cxd5 Nxd5 10.d4 Nd7 11.Rc1 N7f6 12.Nxd5 Qxd5 13.dxc5 Bxc5 14.Qxd5 Nxd5  1/2-1/2

[Event "Rovinj/Zagreb"]
[Site "Zagreb"]
[Date "1975.??.??"]
[Round "5"]
[White "Hulak, Krunoslav"]
[Black "Andersson, Ulf"]
[Result "0-1"]
[WhiteElo "2475"]
[BlackElo "2565"]

1.e4 c5 2.Nf3 e6 3.d3 b6 4.g3 Bb7 5.Bg2 Nf6 6.O-O d6 7.Re1 Be7 8.Nbd2 O-O
9.c3 Nbd7 10.a4 a6 11.Qb3 Rc8 12.Nc4 d5 13.exd5 Bxd5 14.Qc2 b5 15.axb5 axb5
16.Ne3 Bc6 17.Qe2 Qb6 18.b3 Nd5 19.Nxd5 Bxd5 20.c4 Bc6 21.Bb2 Qb7 22.Rab1 Rfd8
23.Qe3 Bf6 24.Bxf6 Nxf6 25.Nh4 Bxg2 26.Nxg2 Rd4 27.b4 Qd7 28.Nf4 bxc4 29.bxc5 cxd3
30.c6 Qd6 31.c7 Re4 32.Qxd3 Rxe1+ 33.Rxe1 Qxc7 34.h3 h6 35.Qb3 Rb8 36.Qa2 Qc6
37.Qe2 Ra8 38.Nd3 Qd5 39.Nf4 Qb7 40.Qc2 Rc8 41.Qb1 Qa8 42.Qa1 Qc6 43.Qb1 Rd8
44.Rd1 Rxd1+ 45.Qxd1 Nd5 46.Ng2 Qc5 47.Qa1 Qc4 48.Qd1 Qe4 49.Qd2 Qf5 50.h4 Qe4
51.Nf4 f5 52.Ng2 Kh7 53.Kh2 e5 54.Ne3 Nxe3 55.fxe3 Qf3 56.Qd7 Qf2+ 57.Kh3 Qf1+
58.Kh2 Qe2+ 59.Kh3 Qg4+ 60.Kh2 Qg6 61.Qe7 Qf6 62.Qe8 e4 63.h5 g6 64.hxg6+ Qxg6
65.Qf8 Qe6 66.Kg2 Kg6 67.Qd8 Qf6 68.Qe8+ Qf7 69.Qd8 Qe6 70.Kh2 Qa6 71.Qe7 Qe2+
72.Kh3 Qh5+ 73.Kg2 Qf3+ 74.Kh2 Qxe3 75.Qe6+ Kg5 76.Kh3 Qa7 77.Qg8+ Kf6 78.Qf8+ Ke5
79.Qxh6 Qc5 80.Qf4+ Kd4 81.Qd2+ Kc4 82.g4 Qa3+ 83.Kh4 fxg4 84.Qe2+ Qd3 85.Qxg4 Kc3
86.Qg7+ Qd4 87.Qc7+ Kd3 88.Kg3 e3 89.Qh7+ Kd2 90.Qh6 Qe5+ 91.Kg2 Qe4+ 92.Kf1 Qd3+
93.Kg2 Qd5+ 94.Kf1 Qe4 95.Kg1 Qg4+ 96.Kf1 Qf3+ 97.Kg1 Qg3+ 98.Kh1 Qg4 99.Kh2 Ke2
100.Qf6 Ke1 101.Qa1+ Kf2 102.Qf6+ Qf3 103.Qh4+ Kf1 104.Qg5 Qf2+ 105.Kh1 Ke1
106.Qg4 Qf1+  0-1

[Event "Rovinj/Zagreb"]
[Site "Zagreb"]
[Date "1975.??.??"]
[Round "6"]
[White "Andersson, Ulf"]
[Black "Marovic, Drazen"]
[Result "1/2-1/2"]
[WhiteElo "2565"]
[BlackElo "2490"]

1.Nf3 Nf6 2.c4 e6 3.g3 d5 4.Bg2 Be7 5.O-O O-O 6.b3 c5 7.Bb2 Nc6 8.cxd5 Nxd5
9.Nc3 Nxc3 10.Bxc3 Qc7 11.Qc2 Bd7 12.Qb2 f6 13.d4 cxd4 14.Nxd4 Nxd4 15.Bxd4 e5
16.Be3 Rac8 17.Rac1 Qb8 18.Qd2 Be6 19.Bd5 Kf7 20.Qd3 g6 21.Qb5 Rfd8 22.Bxe6+ Kxe6
23.Rxc8 Qxc8 24.Bxa7 Rd5 25.Qb6+ Kf7 26.Qe3 Qc2 27.a4 Rd2 28.Qb6 Qe4 29.Qc7 Qb4
30.e4 g5 31.Be3 Rd3 32.Qc4+ Qxc4 33.bxc4 Ra3 34.Rb1 Rxa4 35.Rxb7 Rxc4 36.Kg2 Ke6
37.Kf3 h5 38.h3 g4+ 39.hxg4 hxg4+ 40.Kxg4 Rxe4+  1/2-1/2

[Event "Rovinj/Zagreb"]
[Site "Zagreb"]
[Date "1975.??.??"]
[Round "7"]
[White "Minic, Dragoljub"]
[Black "Andersson, Ulf"]
[Result "1/2-1/2"]
[WhiteElo "2475"]
[BlackElo "2565"]

1.e4 c5 2.Nf3 d6 3.d4 cxd4 4.Nxd4 Nf6 5.Nc3 e6 6.g4 h6 7.Rg1 Nc6 8.h4 h5
9.g5 Ng4 10.Nb3 a6 11.a4 g6 12.Qe2 Bg7 13.f3 Nge5 14.Be3 b6 15.Bh3 Na5 16.Nxa5 bxa5
17.f4 Nc6 18.Rd1 Qc7 19.Qd2 Nb4 20.Rg2 O-O 21.Re2 Rd8 22.Nb1 Bb7 23.c3 Nc6
24.Na3 Ne7 25.Qc2 Bc6 26.Red2 Rab8 27.Bd4 d5 28.e5 Be8 29.Bf2 Bf8 30.Bf1 Qc6
31.Nc4 Qxa4 32.Qxa4 Bxa4 33.Ra1 Bb5 34.Nxa5 Bxf1 35.Kxf1 Rdc8 36.Ra3 Rc7
37.Rb3 Rxb3 38.Nxb3 Nf5 39.Nd4 Nxd4 40.Rxd4 Rb7 41.b4 Rc7 42.Be1 Be7 43.Ke2 Kf8
44.Rd1 Ke8 45.Ra1 Rc6 46.Kd3 Kd7 47.Bf2 Kc8 48.Bd4 Kd7 49.Ra2 Kc8 50.Ra1 Kd7
51.Ra2 Kc8  1/2-1/2

[Event "Rovinj/Zagreb"]
[Site "Zagreb"]
[Date "1975.??.??"]
[Round "8"]
[White "Keene, Raymond D"]
[Black "Andersson, Ulf"]
[Result "1/2-1/2"]
[WhiteElo "2505"]
[BlackElo "2565"]

1.c4 Nf6 2.Nf3 c5 3.Nc3 b6 4.e3 e6 5.Be2 Bb7 6.b3 Be7 7.Bb2 O-O 8.O-O d6
9.Rc1 Nbd7 10.Re1 a6 11.a3 Rc8 12.d4 cxd4 13.exd4 Rc7 14.Bf1 Qb8 15.Nh4 g6
16.Nf3  1/2-1/2

[Event "Rovinj/Zagreb"]
[Site "Zagreb"]
[Date "1975.??.??"]
[Round "9"]
[White "Andersson, Ulf"]
[Black "Kovacevic, Vlatko"]
[Result "1/2-1/2"]
[WhiteElo "2565"]
[BlackElo "2465"]

1.Nf3 f5 2.c4 Nf6 3.g3 g6 4.Bg2 Bg7 5.O-O O-O 6.d4 d6 7.Nc3 c6 8.d5 e5 9.dxe6 Bxe6
10.Qd3 Na6 11.Ng5 Nc5 12.Nxe6 Nxe6 13.Rd1 Qe8  1/2-1/2

[Event "Rovinj/Zagreb"]
[Site "Zagreb"]
[Date "1975.??.??"]
[Round "10"]
[White "Nikolac, Juraj"]
[Black "Andersson, Ulf"]
[Result "1/2-1/2"]
[WhiteElo "2470"]
[BlackElo "2565"]

1.d4 Nf6 2.c4 e6 3.Nc3 Bb4 4.e3 c5 5.Bd3 O-O 6.Nf3 d5 7.O-O dxc4 8.Bxc4 Nbd7
9.a3 cxd4 10.exd4 Bxc3 11.bxc3 Qc7 12.Qd3 b6 13.Ba2 Bb7 14.Re1 Rac8 15.Bd2 Rfd8
16.Ng5 Nf8 17.Rac1 Qd6 18.Ra1 Rd7 19.f4 Bd5 20.Bb1 Ng6 21.Qg3 Rdc7 22.f5 Qxg3
23.hxg3 Nf8 24.fxe6 fxe6 25.a4 h6 26.Nf3 Bxf3 27.gxf3 Nd5 28.Ba2 Nxc3 29.Bxe6+ Nxe6
30.Rxe6 Rc4 31.Bxc3 Rxc3 32.Rd1 Rxf3 33.d5 Rd8 34.d6 Rd7 35.Kg2 Rf6 36.Re7 Rf7
37.Re6 Rf6 38.Re7 Rxe7 39.dxe7 Kf7 40.Rd7 a5 41.e8=B+ Kxe8 42.Rxg7 Kd8 43.Rh7 Kc8
44.Kh3 Rc6 45.Kg2 Kb8 46.Kf3 Rg6 47.Kf2 Rd6 48.Ke3 b5 49.axb5 a4 50.Re7 a3
51.Re4 Rg6 52.Kf3 Rg7 53.b6 Rd7 54.Ke2 Rg7 55.Kf2 Rf7+ 56.Ke2  1/2-1/2

[Event "Rovinj/Zagreb"]
[Site "Zagreb"]
[Date "1975.??.??"]
[Round "11"]
[White "Andersson, Ulf"]
[Black "Sax, Gyula"]
[Result "1/2-1/2"]
[WhiteElo "2565"]
[BlackElo "2510"]

1.Nf3 g6 2.g3 Bg7 3.Bg2 c5 4.O-O Nc6 5.c3 e5 6.d3 Nge7 7.Nbd2 O-O 8.a3 a5
9.Rb1 d5 10.e4 d4 11.cxd4 cxd4 12.b4 axb4 13.axb4 b5 14.Nb3 Nxb4 15.Nbxd4 Na2
16.Nxb5 Ba6 17.Bd2 Bxb5 18.Rxb5 Qxd3 19.Qb1 Rfd8 20.Qxd3 Rxd3 21.Ra1 Nc6
22.Rc5 Nd4 23.Nxd4 Rxd2 24.Nf3 Rb2 25.Bf1 Bf8 26.Rb5 Rc2 27.Bd3 Rc3 28.Ne1 Rcc8
29.Kg2 Nb4 30.Rxa8 Rxa8 31.Bc4 Rc8 32.Bd5 Nxd5 33.Rxd5  1/2-1/2

[Event "Rovinj/Zagreb"]
[Site "Zagreb"]
[Date "1975.??.??"]
[Round "12"]
[White "Planinec, Albin"]
[Black "Andersson, Ulf"]
[Result "0-1"]
[WhiteElo "2535"]
[BlackElo "2565"]

1.e4 c5 2.Nf3 d6 3.d4 cxd4 4.Nxd4 Nf6 5.Nc3 e6 6.g4 h6 7.Bg2 Be7 8.h4 g6
9.g5 hxg5 10.hxg5 Rxh1+ 11.Bxh1 Nh5 12.Bf3 Ng7 13.Be3 Nc6 14.Qd2 Nxd4 15.Qxd4 e5
16.Qd3 Be6 17.O-O-O Bxg5 18.Qb5+ Kf8 19.Qxb7 Bxe3+ 20.fxe3 Ne8 21.Nd5 Rb8
22.Qa6 Bxd5 23.Rxd5 Qe7 24.Qe2 Kg7 25.Rd1 Nf6 26.Qd2 Rd8 27.Kb1 Qc7 28.Qf2 Rh8
29.Rf1 Qe7 30.Qg2 Rh4 31.Rd1 Rh8 32.Qd2 Rd8 33.c4 Qc7 34.Qc3 Qc5 35.Ka1 a5
36.Rc1 Rb8 37.Bd1 Rh8 38.Bc2 Rh3 39.Re1 Rh2 40.a3 Rf2 41.b4 axb4 42.axb4 Qa7+
43.Kb1 Qb7 44.Rd1 Nxe4 45.Bxe4 Qxe4+ 46.Qd3 Qg2 47.b5 Re2 48.Qb3 Qe4+ 49.Qd3 Qf3
50.Qd5 Qxe3 51.Qd3 Qf2 52.Kc1 Ra2 53.Qc3 Ra4 54.Kb1  0-1

[Event "Rovinj/Zagreb"]
[Site "Zagreb"]
[Date "1975.??.??"]
[Round "13"]
[White "Andersson, Ulf"]
[Black "Tringov, Georgi P"]
[Result "1/2-1/2"]
[WhiteElo "2565"]
[BlackElo "2470"]

1.c4 g6 2.Nc3 Bg7 3.g3 e5 4.Bg2 Ne7 5.d3 O-O 6.e4 Nbc6 7.Nge2 d6 8.O-O f5
9.Nd5 Nxd5 10.cxd5 Ne7 11.Be3 fxe4 12.dxe4 c5 13.dxc6 bxc6 14.Qb3+ Kh8 15.Nc3 Ng8
16.Rad1 Qe7 17.Qa3 Rd8 18.Rd3 Be6 19.Rfd1 Bf8 20.b3 h6 21.h3 Nf6 22.Qb2 Kh7
23.Kh2 Ne8 24.Rc1 Nc7 25.Na4 Bd7 26.Qd2 Be8 27.Nb2 Ne6 28.Rd1 c5 29.Rc3  1/2-1/2

[Event "Capablanca mem-A 13th"]
[Site "Cienfuegos"]
[Date "1976.05.17"]
[Round "1"]
[White "Garcia Gonzales, Guillermo"]
[Black "Andersson, Ulf"]
[Result "1/2-1/2"]
[WhiteElo "2475"]
[BlackElo "2585"]

1.c4 e6 2.g3 Nf6 3.Bg2 Be7 4.Nf3 O-O 5.O-O c5 6.d4 cxd4 7.Nxd4 a6 8.b3 d6
9.Bb2 Ra7 10.Nc3 b6 11.e4 Bb7 12.Qe2 Nbd7 13.Rad1 Qb8 14.f4 Rc8 15.g4 b5
16.g5 Ne8 17.Qg4 bxc4 18.Nxe6 cxb3 19.Nd4 Ba8 20.Nf5 Bd8 21.Nd5 Rc2 22.Bd4 bxa2
23.Nxg7 Bxd5 24.Nxe8 Bc6 25.Nf6+ Bxf6 26.gxf6+ Kf8 27.Bf3 Rb7 28.e5 Bxf3
29.Qxf3 Rb1 30.e6 fxe6 31.Qg4 Nxf6 32.Bxf6 Qa7+ 33.Kh1 Qb7+ 34.Kg1 Rxd1 35.Rxd1 Qa7+
36.Kh1 Qb7+ 37.Kg1 Qb6+  1/2-1/2

[Event "Capablanca mem-A 13th"]
[Site "Cienfuegos"]
[Date "1976.05.19"]
[Round "3"]
[White "Vogt, Lothar"]
[Black "Andersson, Ulf"]
[Result "1-0"]
[WhiteElo "2480"]
[BlackElo "2585"]

1.e4 c5 2.Nf3 d6 3.d4 cxd4 4.Nxd4 e6 5.Nc3 a6 6.Be2 Nf6 7.f4 Be7 8.O-O O-O
9.Kh1 Qc7 10.Qe1 Re8 11.Qg3 Nbd7 12.Bf3 Rb8 13.a4 Bf8 14.Bd2 Kh8 15.Rae1 e5
16.Nf5 b5 17.axb5 axb5 18.fxe5 Nxe5 19.Bg5 Ng8 20.Nd4 Qc4 21.Rd1 b4 22.Nd5 Be6
23.Bf4 Nxf3 24.Qxf3 Bxd5 25.exd5 Nf6 26.Nf5 Qc5 27.Rf2 Ra8 28.Rfd2 Ne4 29.Rd4 Nf6
30.h3 Qxc2 31.Nxd6 Bxd6 32.Bxd6 Qxb2 33.Bxb4 Ra1 34.Bc3 Rxd1+ 35.Rxd1 Qc2
36.Bxf6 gxf6 37.Qxf6+ Kg8 38.Rd4 Re4 39.d6 Rxd4 40.Qxd4 Qc1+  1-0

[Event "Capablanca mem-A 13th"]
[Site "Cienfuegos"]
[Date "1976.05.20"]
[Round "4"]
[White "Andersson, Ulf"]
[Black "Hedman Senarega, Jose Antonio"]
[Result "1-0"]
[WhiteElo "2585"]
[BlackElo "2375"]

1.c4 Nf6 2.Nf3 c6 3.Nc3 d5 4.d4 e6 5.Bg5 dxc4 6.e4 b5 7.e5 h6 8.Bh4 g5 9.exf6 gxh4
10.Ne5 Bb4 11.Be2 Qxf6 12.O-O Bxc3 13.bxc3 Bb7 14.Rb1 Qe7 15.f4 Rg8 16.Bh5 Rg7
17.f5 Nd7 18.Nxf7  1-0

[Event "Capablanca mem-A 13th"]
[Site "Cienfuegos"]
[Date "1976.05.21"]
[Round "5"]
[White "Peev, Peicho Chonev"]
[Black "Andersson, Ulf"]
[Result "1/2-1/2"]
[WhiteElo "2430"]
[BlackElo "2585"]

1.d4 Nf6 2.c4 e6 3.Nf3 b6 4.a3 c5 5.d5 exd5 6.cxd5 g6 7.Nc3 Bg7 8.Bg5 O-O
9.e3 d6 10.Nd2 a6 11.a4 h6 12.Bh4 Ra7 13.Be2 Re7 14.O-O Nbd7 15.Bg3 Qc7 16.Nc4 Ne8
17.Qb3 f5 18.Rfe1 Bb7 19.Rad1 Kh7 20.Bf3 Ba8 21.Ra1 Qb8 22.Red1 Rf6 23.h4 Bf8
24.Qc2 Ng7 25.h5 g5 26.e4 Kh8 27.exf5 Nxf5 28.Ne4 Nxg3 29.Nxf6 Nxf6 30.fxg3 g4
31.Qf5 Bg7 32.Bxg4 Re4 33.Bf3 Rxc4 34.Re1 Qf8 35.Qg6 Rd4 36.Re6 Bxd5 37.Bxd5 Rxd5
38.Rae1 Rg5 39.Qd3 Qf7 40.Rxd6 Ng8 41.Re4 Rxh5 42.Rxb6 Qa2 43.Rh4 Re5 44.Rb8 a5
45.b3 Rg5 46.Qd8  1/2-1/2

[Event "Capablanca mem-A 13th"]
[Site "Cienfuegos"]
[Date "1976.05.22"]
[Round "6"]
[White "Andersson, Ulf"]
[Black "Gulko, Boris F"]
[Result "1/2-1/2"]
[WhiteElo "2585"]
[BlackElo "2530"]

1.c4 e5 2.Nc3 Nc6 3.g3 g6 4.Bg2 Bg7 5.d3 d6 6.Rb1 a5 7.a3 Nf6 8.Nf3 O-O 9.O-O Nd4
10.b4 axb4 11.axb4 c6 12.b5 Qc7 13.Be3 Nd7 14.Bd2 Nc5 15.Nxd4 exd4 16.Ne4 Nxe4
17.Bxe4 Bh3 18.Re1 Ra2  1/2-1/2

[Event "Capablanca mem-A 13th"]
[Site "Cienfuegos"]
[Date "1976.05.24"]
[Round "8"]
[White "Andersson, Ulf"]
[Black "Lebredo, Gerardo"]
[Result "1-0"]
[WhiteElo "2585"]
[BlackElo "2355"]

1.c4 c5 2.Nc3 Nc6 3.Nf3 g6 4.e3 d6 5.Be2 Bg7 6.O-O Nf6 7.d4 O-O 8.d5 Nb8
9.Qc2 Bg4 10.Rd1 Nbd7 11.h3 Bxf3 12.Bxf3 Ne8 13.Bd2 Nc7 14.Be1 a6 15.a4 b6
16.Be2 Rb8 17.Ra3 Nf6 18.Na2 a5 19.Bf3 Na6 20.Nc3 Nb4 21.Qb3 Qd7 22.Raa1 g5
23.Ne2 h5 24.Ng3 h4 25.Nf1 Qf5 26.Bc3 Qg6 27.Nh2 Nd7 28.e4 Ne5 29.Rd2 e6
30.Rad1 exd5 31.exd5 f5 32.Be2 Rbe8 33.Rf1 Bh6 34.Qd1 Re7 35.Nf3 Nxf3+ 36.Bxf3 Bg7
37.Re1 Rxe1+ 38.Qxe1 Re8 39.Re2 Rxe2 40.Qxe2 Kf8 41.Bh5  1-0

[Event "Capablanca mem-A 13th"]
[Site "Cienfuegos"]
[Date "1976.05.27"]
[Round "11"]
[White "Andersson, Ulf"]
[Black "Sznapik, Aleksander"]
[Result "1-0"]
[WhiteElo "2585"]
[BlackElo "2390"]

1.c4 g6 2.g3 Bg7 3.Bg2 d6 4.Nc3 e5 5.d3 f5 6.e3 Nf6 7.Nge2 O-O 8.O-O a5 9.Rb1 c6
10.Qc2 Be6 11.Bd2 Na6 12.a3 Qe7 13.b4 axb4 14.axb4 d5 15.b5 Nb4 16.Rxb4 Qxb4
17.Nxd5 Qd6 18.bxc6 Nxd5 19.cxb7 Rab8 20.cxd5 Bxd5 21.Bb4 Qxb4 22.Bxd5+ Kh8
23.Rb1 Qe7 24.Qc4 g5 25.Nc3 g4 26.Bg2 Qd6 27.Nb5 Qd7 28.Bc6 Qe7 29.Bd5 Rxb7
30.Bxb7 Qxb7 31.Nc3  1-0

[Event "Capablanca mem-A 13th"]
[Site "Cienfuegos"]
[Date "1976.05.28"]
[Round "12"]
[White "Bellon Lopez, Juan Manuel"]
[Black "Andersson, Ulf"]
[Result "0-1"]
[WhiteElo "2475"]
[BlackElo "2585"]

1.e4 c5 2.Nf3 e6 3.d4 cxd4 4.Nxd4 a6 5.Nc3 Qc7 6.Be2 Nf6 7.O-O Nc6 8.Be3 d6
9.f4 Be7 10.Qe1 O-O 11.Qg3 Bd7 12.Kh1 Rac8 13.Rae1 Rfd8 14.e5 dxe5 15.fxe5 Nxe5
16.Bf4 Bd6 17.Rd1 Nc4 18.Bxd6 Qxd6 19.Qh4 Ne3 20.Rxf6 Nxd1 21.Bd3 gxf6 22.Ne4 Qxd4
23.Nxf6+ Qxf6 24.Qxf6 Be8 25.Qf3 Nf2+  0-1

[Event "Capablanca mem-A 13th"]
[Site "Cienfuegos"]
[Date "1976.05.29"]
[Round "13"]
[White "Andersson, Ulf"]
[Black "Sigurjonsson, Gudmundur"]
[Result "1/2-1/2"]
[WhiteElo "2585"]
[BlackElo "2530"]

1.c4 g6 2.Nc3 Bg7 3.Nf3 Nf6 4.g3 O-O 5.Bg2 d6 6.O-O e5 7.d3 Nc6 8.Rb1 a5
9.a3 Bf5 10.b4 axb4 11.axb4 Qd7 12.b5 Nd8 13.Bg5 c6 14.Qd2 Re8 15.Rfc1 Bh3
16.Bxf6 Bxf6 17.Ne4 Be7 18.bxc6 bxc6 19.c5 Bxg2 20.cxd6 Bxf3 21.exf3 Ne6
22.dxe7  1/2-1/2

[Event "Capablanca mem-A 13th"]
[Site "Cienfuegos"]
[Date "1976.05.30"]
[Round "14"]
[White "Honfi, Karoly"]
[Black "Andersson, Ulf"]
[Result "1-0"]
[WhiteElo "2460"]
[BlackElo "2585"]

1.e4 c5 2.Nf3 d6 3.d4 cxd4 4.Nxd4 e6 5.c4 Nc6 6.Nc3 Be7 7.g3 Bd7 8.Bg2 a6
9.O-O Nf6 10.Nde2 O-O 11.b3 Qb8 12.Bf4 Rd8 13.Rc1 Nh5 14.Be3 b5 15.cxb5 axb5
16.f4 Nf6 17.Kh1 Be8 18.f5 b4 19.Na4 d5 20.Bb6 Nxe4 21.Bxd8 Nxd8 22.fxe6 fxe6
23.Nf4 Qe5 24.Nb6 Rxa2 25.Nbxd5 exd5 26.Qxd5+ Qxd5 27.Nxd5 Nf2+ 28.Kg1 Bg5
29.Rce1 Bf7 30.Rxf2 Ra3 31.h4 Bf6 32.Nxf6+ gxf6 33.Rd1 Ne6 34.Bd5 Kg7 35.Bc4 Nc5
36.Rf5 Bxc4 37.Rxc5 Bxb3 38.Rd4 Bf7 39.Rc7 b3 40.Rb4 Ra1+ 41.Kf2 Ra2+ 42.Ke3 b2
43.Rbb7 Kg8 44.Rb8+ Kg7 45.h5 h6 46.g4 f5 47.g5 hxg5 48.h6+ Kf6 49.Rb6+ Be6
50.h7 Ra3+ 51.Kd4 Ra8 52.Rxb2 g4 53.Rh2 Rd8+ 54.Ke3 Rh8 55.Rh6+ Ke5 56.Re7  1-0

[Event "Capablanca mem-A 13th"]
[Site "Cienfuegos"]
[Date "1976.05.31"]
[Round "15"]
[White "Andersson, Ulf"]
[Black "Kozma, Julius"]
[Result "1-0"]
[WhiteElo "2585"]
[BlackElo "2375"]

1.c4 Nf6 2.Nf3 c5 3.Nc3 Nc6 4.g3 e6 5.Bg2 d5 6.cxd5 exd5 7.d4 Be7 8.O-O O-O
9.Be3 Ng4 10.Bf4 Be6 11.dxc5 Bxc5 12.Rc1 h6 13.Na4 Bb6 14.a3 d4 15.b4 Qe7
16.Nxb6 axb6 17.Nxd4  1-0

[Event "Capablanca mem-A 13th"]
[Site "Cienfuegos"]
[Date "1976.06.01"]
[Round "16"]
[White "Rodriguez, Amador"]
[Black "Andersson, Ulf"]
[Result "0-1"]
[WhiteElo "2405"]
[BlackElo "2585"]

1.e4 d6 2.d4 g6 3.c4 Bg7 4.Nc3 Nf6 5.f3 O-O 6.Be3 a6 7.Qd2 Nbd7 8.O-O-O b5
9.h4 c5 10.dxc5 Qa5 11.cxd6 b4 12.dxe7 Re8 13.Nb1 Qxa2 14.Bd4 a5 15.g4 Rxe7
16.Qf4 Ba6 17.Rh2 Rc8 18.Rc2 Ne8 19.b3 Qxb3 20.Bxg7 Kxg7 21.Nd2 Qa3+ 22.Kb1 b3
23.Rb2 Nc5 24.Qe3 Rd7 25.Rc1 Rb8 26.Rc3 Na4 27.Rcxb3 Rxd2 28.Rxa3 Rdxb2+
29.Kc1 Rb1+ 30.Kd2 R8b2+ 31.Kd3 Rd1+  0-1

[Event "Banja Luka"]
[Site "Banja Luka"]
[Date "1976.??.??"]
[Round "1"]
[White "Sibarevic, Milenko"]
[Black "Andersson, Ulf"]
[Result "1-0"]
[WhiteElo "2340"]
[BlackElo "2585"]

1.e4 c5 2.Nf3 e6 3.d4 cxd4 4.Nxd4 Nf6 5.Nc3 d6 6.f4 a6 7.Be2 Be7 8.O-O O-O
9.Kh1 Nc6 10.Be3 Bd7 11.Qe1 b5 12.a3 Nxd4 13.Bxd4 Bc6 14.Qg3 Re8 15.Rad1 Bf8
16.Bf3 Nd7 17.e5 Bxf3 18.Rxf3 Rc8 19.Rfd3 Rc6 20.exd6 Qb8 21.Ne4 Rd8 22.c3 h6
23.Qh4 f5 24.Rg3 e5 25.Bxe5 Nxe5 26.Nf6+ Kf7 27.fxe5 Bxd6 28.Qh5+ Kf8 29.Qg6 Qc7
30.Nh7+ Kg8 31.Nf6+ Kf8 32.exd6 Qf7 33.Qxf7+ Kxf7 34.Nh5 g6 35.Nf4 g5 36.Ne2 Rcxd6
37.Rxd6 Rxd6 38.Nd4  1-0

[Event "Banja Luka"]
[Site "Banja Luka"]
[Date "1976.??.??"]
[Round "2"]
[White "Andersson, Ulf"]
[Black "Planinec, Albin"]
[Result "1-0"]
[WhiteElo "2585"]
[BlackElo "2485"]

1.c4 b6 2.Nf3 Bb7 3.Nc3 Nf6 4.e3 e6 5.b3 c5 6.Bb2 Be7 7.Be2 O-O 8.O-O d5
9.cxd5 exd5 10.d4 Nbd7 11.Rc1 Rc8 12.Rc2 a6 13.dxc5 bxc5 14.Qb1 Re8 15.Rd1 Bd6
16.Rcd2 d4 17.exd4 Ne4 18.Nxe4 Bxe4 19.Qa1 Bf4 20.Rd3 c4 21.Rc3 cxb3 22.axb3 Rxc3
23.Bxc3 Bd5 24.Re1 Re6 25.Bd1 Rg6 26.Qa5 Qa8 27.g3 h5 28.Nh4 Rg5 29.Bd2 Bxb3
30.Qc3  1-0

[Event "Banja Luka"]
[Site "Banja Luka"]
[Date "1976.??.??"]
[Round "3"]
[White "Hort, Vlastimil"]
[Black "Andersson, Ulf"]
[Result "1-0"]
[WhiteElo "2600"]
[BlackElo "2585"]

1.e4 c5 2.Nf3 e6 3.d4 cxd4 4.Nxd4 Nf6 5.Nc3 d6 6.g4 h6 7.g5 hxg5 8.Bxg5 Nc6
9.Qd2 Qb6 10.Nb3 a6 11.O-O-O Bd7 12.h4 Qc7 13.Kb1 Be7 14.f4 O-O-O 15.Be2 Kb8
16.h5 Bc8 17.Bf3 Rh7 18.Qe2 Ng8 19.Rhg1 Bxg5 20.Rxg5 Nge7 21.Qe3 g6 22.Nd4 gxh5
23.Rxh5 Rxh5 24.Bxh5 Nxd4 25.Qxd4 f5 26.Bf3 fxe4 27.Bxe4 d5 28.Bd3 Nc6 29.Qf6 Qd6
30.Ne2 Rf8 31.Qh6 Qd8 32.a3 Rh8 33.Qg7 Rg8 34.Qc3 Qc7 35.Rh1 Rd8 36.Rh7 Rd7
37.Rh6 Rd8 38.Qe1 Qd6 39.Qg1 Qc7 40.Qg5 Re8 41.Rh7 Qd8 42.Qg1 Re7 43.Rh6 Qc7
44.Rh8 Rd7 45.b4 Rd8 46.Rh7 Rd7 47.Rh6 Rg7 48.Qe3 Rf7 49.Rh8 Qd6 50.Ka2 Qe7
51.Qg3 Rg7 52.Qh2 Qc7 53.Qh6 Re7 54.Qf6 Qd7 55.Bg6 Qc7 56.Kb1 Ka7 57.Qf8 Kb8
58.Be8 Na7 59.Kb2 Rg7 60.Qf6 Qe7 61.Qe5+ Qc7 62.Qe3 e5 63.f5 d4 64.Qf2 Qd8
65.f6 Rc7 66.f7 d3 67.Nc3 dxc2 68.Kxc2 e4 69.Qd2  1-0

[Event "Banja Luka"]
[Site "Banja Luka"]
[Date "1976.??.??"]
[Round "5"]
[White "Mihaljcisin, Mihajlo"]
[Black "Andersson, Ulf"]
[Result "0-1"]
[WhiteElo "2325"]
[BlackElo "2585"]

1.e4 c5 2.c3 d5 3.exd5 Qxd5 4.d4 Nf6 5.Nf3 e6 6.Be2 Be7 7.O-O O-O 8.Na3 Qd8
9.dxc5 Qxd1 10.Rxd1 Bxc5 11.b4 Be7 12.Nb5 a6 13.Nc7 Ra7 14.Be3 b6 15.Bxb6 Rb7
16.Ba5 Ne4 17.b5 axb5 18.Nxb5 Nc6 19.Bb4 Nxb4 20.cxb4 Bxb4 21.Rd4 Bc3 22.Nxc3 Nxc3
23.Bf1 Ra7 24.a4 Ba6 25.Bxa6 Rxa6 26.Rc4 Nd5 27.a5 g6 28.g3 Rfa8 29.Rc5 Kf8
30.Ne5 Ke7 31.Nc4 Rb8 32.Rc1 Kf6 33.h4 h6 34.Kg2 Rb4 35.Ra1 Rb3 36.Nd2 Rb2
37.Nf3 Ne3+ 38.Kg1 Ng4 39.Rf1 Ra2 40.Rc4 h5 41.Ng5 R6xa5 42.Rf4+ Rf5 43.Rxf5+ gxf5
44.Nh3 e5 45.Rb1 Kg6 46.Rb6+ f6 47.Rb8 Nh6 48.Kg2 Ra4 49.Rb6 Nf7 50.Kf3 Rd4
51.Rb8 Nd8 52.Rb6 Kf7 53.Rb8 Rd7 54.Ra8 Ne6 55.Kg2 Rd2 56.Rb8 Nc5 57.Rh8 Kg6
58.Rg8+ Kh7 59.Rc8 Ne4 60.Kf3 Rd7 61.Kg2 Ra7 62.Kf3 Kg7 63.Kg2 Rb7 64.Kf3 Nd6
65.Rc6 Nf7 66.Kg2 Ra7 67.Rb6 Nh8 68.Rb4 Ng6 69.Kh2 Kf7 70.Kh1 Ne7 71.Kg2 Nc6
72.Rb6 Nd4 73.Rb8 Rc7 74.Rh8 Kg7 75.Ra8 Rc4 76.Ra7+ Kg6 77.Ra8 Ne6 78.Ra6 Nd8
79.Ra8 Nf7 80.Rg8+ Kh7 81.Rf8 Kg7 82.Ra8 Nh6 83.Kf3 f4 84.gxf4 e4+ 85.Kg2 Nf5
86.Ra2 Nxh4+ 87.Kh2 Kg6 88.Kg3 Nf5+ 89.Kg2 Rc3 90.Ra5 h4 91.Ra2 e3 92.Re2 Kh5
93.Ra2 Rd3 94.fxe3 Nxe3+ 95.Kg1 Rb3 96.Nf2 Rb1+ 97.Kh2 Rf1 98.Kh3 Rg1 99.Ne4 Rh1+
100.Rh2 Rxh2+ 101.Kxh2 Nd5 102.f5 Kg4 103.Nf2+ Kxf5 104.Kh3 Kg5 105.Ne4+ Kh5
106.Kg2 f5 107.Nf2 Nf4+ 108.Kf3 Kg5 109.Ke3 Ng6 110.Kf3 Ne5+ 111.Kg2 f4 112.Ne4+ Kf5
113.Nf2 f3+ 114.Kh3 Ng6 115.Ng4 Kf4 116.Nf2 Ke3 117.Nh1 Ke2 118.Kg4 f2 119.Nxf2 Kxf2
120.Kh3 Kf3 121.Kh2 Nf4 122.Kh1 h3 123.Kh2 Kg4 124.Kg1 Kg3 125.Kh1 Nd3 126.Kg1 h2+
127.Kh1 Nf2+  0-1

[Event "Banja Luka"]
[Site "Banja Luka"]
[Date "1976.??.??"]
[Round "6"]
[White "Bagirov, Vladimir"]
[Black "Andersson, Ulf"]
[Result "1/2-1/2"]
[WhiteElo "2490"]
[BlackElo "2585"]

1.d4 Nf6 2.c4 e6 3.Nc3 Bb4 4.Qc2 c5 5.dxc5 O-O 6.Nf3 Na6 7.Bd2 Nxc5 8.a3 Bxc3
9.Bxc3 Nce4 10.Bxf6 Nxf6 11.e3 b6 12.Be2 Bb7 13.O-O Rc8 14.Rac1  1/2-1/2